Les départements français les plus forestiers - Statistiques

Statistiques générales
  • Ce quiz a été pris 80 fois
  • Le résultat moyen est 12 sur 20
Statistiques - réponses
Surface forestière Département % Correct
61,7% Landes
90%
44,2% Jura
74%
47,6% Gironde
70%
50,0% Haute-Corse
67%
47,7% Vosges
67%
67% Corse-du-Sud
64%
45,3% Corrèze
60%
40,8% Doubs
60%
49,1% Alpes-de-Haute-Provence
59%
45,4% Ardèche
59%
58,3% Var
59%
43,4% Drôme
58%
40,4% Haut-Rhin
58%
44,9% Lozère
56%
52,3% Alpes-Maritimes
53%
41,0% Lot
53%
40,9% Ariège
52%
43,0% Dordogne
52%
41,6% Haute-Saône
48%
42,6% Territoire de Belfort
29%
Aucun quiz correspondant
Distribution des résultats
% des personnes avec chaque résultat
Percentile par nombre de réponses
Votre historique - résultats
Vous n’avez pas pris ce quiz